El hombre que fue jueves : (Registro nro. 2916)
[ vista simple ]
| 000 -LEADER | |
|---|---|
| campo de control de longitud fija | 01118cam a22003251 4500 |
| 001 - NÚMERO DE CONTROL | |
| campo de control | 2916 |
| 003 - IDENTIFICADOR DE NÚMERO DE CONTROL | |
| campo de control | HMS |
| 005 - FECHA Y HORA DE LA ÚLTIMA TRANSACCIÓN | |
| campo de control | 20251103145543.0 |
| 008 - DATOS DE LONGITUD FIJA--INFORMACIÓN GENERAL | |
| campo de control de longitud fija | 751024e1938 xx gr 000 f spa |
| 010 ## - NÚMERO DE CONTROL DE LA BIBLIOTECA DEL CONGRESO | |
| Número de control de LC | 60009057 |
| 035 ## - NÚMERO DE CONTROL DEL SISTEMA | |
| Número de control de sistema | 8425782 |
| 040 ## - FUENTE DE CATALOGACIÓN | |
| Centro catalogador/agencia de origen | hms |
| Centro/agencia transcriptor | spa |
| Centro/agencia modificador | hms |
| 082 04 - NÚMERO DE LA CLASIFICACIÓN DECIMAL DEWEY | |
| Número de clasificación | 823 C1938 |
| 100 1# - ENTRADA PRINCIPAL--NOMBRE DE PERSONA | |
| Nombre de persona | Chesterton, G. K. |
| Forma completa/desarrollada del nombre | (Gilbert Keith), |
| Fechas asociadas al nombre | 1874-1936 |
| 9 (RLIN) | 4597 |
| 245 13 - MENCIÓN DEL TÍTULO | |
| Título | El hombre que fue jueves : |
| Resto del título | (pesadilla) / |
| Mención de responsabilidad, etc. | Gilbert Keith Chesterton ; traducción del ingles Adolfo Reyes |
| Medio | [libro] |
| 246 ## - FORMA VARIANTE DEL TITULO | |
| Título propio/Titulo breve | The man who was Thursday, |
| 250 ## - MENCION DE EDICION | |
| Mención de edición | Cuarta Edición |
| 260 ## - PUBLICACIÓN, DISTRIBUCIÓN, ETC. | |
| Lugar de publicación, distribución, etc. | Buenos Aires, |
| Nombre del editor, distribuidor, etc. | Editorial Losada, |
| Fecha de publicación, distribución, etc. | 1938 |
| 300 ## - DESCRIPCIÓN FÍSICA | |
| Extensión | 189 páginas ; |
| Dimensiones | 19 cm. |
| 336 ## - TIPO DE CONTENIDO | |
| Término de tipo de contenido | text |
| Código de tipo de contenido | txt |
| Fuente | rdacontent |
| 337 ## - TIPO DE MEDIO | |
| Nombre/término del tipo de medio | unmediated |
| Código del tipo de medio | n |
| Fuente | rdamedia |
| 338 ## - TIPO DE SOPORTE | |
| Nombre/término del tipo de soporte | volume |
| Código del tipo de soporte | nc |
| Fuente | rdacarrier |
| 490 0# - MENCIÓN DE SERIE | |
| Mención de serie | Biblioteca Contemporánea |
| Designación de volumen o secuencia | 14 |
| 650 #0 - PUNTO DE ACCESO ADICIONAL DE MATERIA--TÉRMINO DE MATERIA | |
| Término de materia o nombre geográfico como elemento de entrada | Anarchists |
| Subdivisión de forma | Fiction. |
| 9 (RLIN) | 4598 |
| 650 #0 - PUNTO DE ACCESO ADICIONAL DE MATERIA--TÉRMINO DE MATERIA | |
| Subdivisión de forma | Novelas inglesas |
| 655 #7 - TERMINO DE INDIZACIÓN--GENERO/FORMA | |
| Datos o término principal de género/forma | Detective and mystery stories. |
| Fuente del término | gsafd |
| 9 (RLIN) | 4599 |
| 655 #7 - TERMINO DE INDIZACIÓN--GENERO/FORMA | |
| Datos o término principal de género/forma | Fantasy fiction. |
| Fuente del término | gsafd |
| 9 (RLIN) | 4600 |
| 655 #7 - TERMINO DE INDIZACIÓN--GENERO/FORMA | |
| Datos o término principal de género/forma | Fiction. |
| Fuente del término | lcgft |
| Número de control del registro de autoridad o número normalizado | https://id.loc.gov/authorities/genreForms/gf2014026339 |
| 9 (RLIN) | 4601 |
| 942 ## - ELEMENTOS DE ENTRADA SECUNDARIOS (KOHA) | |
| Fuente del sistema de clasificación o colocación | Clasificación Decimal Dewey |
| Tipo de ítem Koha | Colección General |
| Suprimir en OPAC | No |
| Estatus retirado | Estado de pérdida | Fuente del sistema de clasificación o colocación | Estado de daño | No para préstamo | Colección | Biblioteca de origen | Biblioteca actual | Ubicación en estantería | Fecha de adquisición | Número de inventario | Total de préstamos | Signatura topográfica completa | Código de barras | Visto por última vez | Copia número | Precio de reemplazo | Tipo de ítem Koha |
|---|---|---|---|---|---|---|---|---|---|---|---|---|---|---|---|---|---|
| Clasificación Decimal Dewey | Colección Reserva | Biblioteca Hospital Militar de Santiago | Biblioteca Hospital Militar de Santiago | Full Space | 03/11/2025 | 001243 | 823 C525 1938 | 001243 | 03/11/2025 | c.1 | 03/11/2025 | Colección Patrimonial |
